[Event "1st Spring Festival Weekend 2021"]
[Site "Bassano del Grappa"]
[Date "2021.03.13"]
[Round "3.1"]
[White "Bernadskiy, Vitaliy"]
[Black "Sonis, Francesco"]
[Result "1/2-1/2"]
[WhiteElo "2599"]
[BlackElo "2477"]
[Annotator "TA"]
[PlyCount "106"]
[EventDate "2021.03.12"]
[EventType "swiss"]
[EventCountry "ITA"]
[SourceTitle "playchess.com"]
[Source "ChessBase"]
[SourceQuality "1"]

{[%evp 12,106,35,21,21,21,21,14,18,21,21,23,14,18,23,0,0,0,0,0,0,0,0,0,0,0,0,-12,-12,-44,-30,-30,-39,-38,-25,-50,-52,-58,-64,-89,-79,-96,-86,-89,-86,-100,-95,-95,-97,-93,-93,-101,-4,-3,-3,-18,-16,-96,-93,-123,-127,-118,0,-99,-29,-180,-39,-216,-207,-267,-246,-359,-316,-391,-346,-295,-272,-254,0,0,0,0,0,-89,0,0,0,0,0,0,0,0,0,0,0,0,0]} 1. d4 Nf6 2. Nf3 d5 3. c4 e6 4. Nc3 Bb4 5. cxd5 exd5 6. Bg5 c5 7. e3 h6 {D38: Queen's Gambit Declined: Ragozin Defence (4 Nf3 Bb4).} 8. Bb5+ Bd7 9. Bxf6 Qxf6 10. O-O Bxc3 11. Bxd7+ Nxd7 12. bxc3 O-O 13. Qb3 Qc6 14. Rfb1 {[#]} Rfb8 $146 ({Predecessor:} 14... Rab8 15. a4 Rfc8 16. h3 Rc7 17. Rd1 b5 18. Ne5 Nxe5 19. dxe5 b4 20. cxb4 Rxb4 21. Qxd5 Qxd5 22. Rxd5 {1-0 (41) Khurtsidze,N (2381)-Gaprindashvili,V (2377) Tbilisi 2016}) 15. a4 c4 16. Qc2 b5 17. axb5 Rxb5 18. Rxb5 Qxb5 19. Rb1 Qc6 20. Qa2 a5 21. h3 a4 22. Qa3 Kh7 23. Nd2 Nf6 24. Rb2 Ne8 25. Qa1 Nd6 26. Ra2 Qb5 27. Qc1 Qa5 28. Qc2+ Kg8 29. f3 Nb5 30. Nb1 a3 31. e4 Rb8 (31... Qa4 $17 32. Qxa4 Rxa4) 32. exd5 $11 Ra8 33. d6 Qd8 34. Qe4 (34. Qe2 $11) 34... Nxd6 $17 35. Qc6 Qb8 $1 $36 {[%cal Rb8b1][%mdl 2048] White is under strong pressure.} 36. Nd2 Ra7 (36... Ra5 $17) 37. Kf2 (37. Qc5 $11 {keeps the balance.}) 37... Nf5 (37... Ra5 $1 $17) 38. Nxc4 $2 (38. Qc5 $1 $11 {and White is okay.} g6 39. Qe5) 38... Qg3+ (38... Kh7 $1 $19 39. Qd5 Qg3+ 40. Kf1 g6) 39. Kf1 $2 (39. Kg1 $1 $15 Rc7 40. Qd5) 39... Rc7 $1 $19 {[%cal Rc7c6][%mdl 1024] Black has strong compensation.} 40. Qa8+ Kh7 41. Qd5 (41. Qe4 $142 g6 42. Qe5 (42. Nxa3 $2 Re7 $19) 42... Rxc4 43. Qxg3 Nxg3+ 44. Kf2) 41... g6 42. Re2 Qf4 43. Kf2 Qh4+ 44. Kg1 a2 ({Black should try} 44... Qg5 $1 $19 {aiming for ...Ng3.} 45. Re1 a2) 45. Rxa2 $11 Qe1+ {[%mdl 64] Double Attack} 46. Kh2 {next Qe5 is good for White.} Qg3+ ({Don't go for} 46... Qxc3 $2 47. Qd8 $1 $18) (46... Re7 $5 47. Ne5 $8 Ng3 $11) 47. Kh1 {[#]} (47. Kg1 $1 $11 {remains equal.}) 47... Qe1+ ({Better is} 47... h5 $1 $17 {...Qe1+ is the strong threat.} 48. Ra1 Re7) 48. Kh2 {White wants to play Qe5.The position is equal.} Re7 {( -> ...Qg3+)} ({Wrong is} 48... Qxc3 $2 {[#]} 49. Qd8 $1 $18) 49. Ne5 Qg3+ 50. Kh1 Qe1+ 51. Kh2 Qg3+ 52. Kh1 Qe1+ 53. Kh2 Ng3 {And White is the lucky defender.  Weighted Error Value: White=0.34/Black=0.26} 1/2-1/2

[Event "1st Spring Festival Weekend 2021"]
[Site "Bassano del Grappa"]
[Date "2021.03.13"]
[Round "3.2"]
[White "Shetty, Atulya"]
[Black "Plat, Vojtech"]
[Result "1/2-1/2"]
[WhiteElo "2447"]
[BlackElo "2555"]
[Annotator "ChessBase"]
[PlyCount "85"]
[EventDate "2021.03.12"]
[EventType "swiss"]
[EventCountry "ITA"]
[SourceTitle "playchess.com"]
[Source "ChessBase"]
[SourceQuality "1"]
[TimeControl "5400+30"]

1. c4 {[%emt 0:00:00]} g6 {[%emt 0:04:21]} 2. g3 {[%emt 0:00:00]} Bg7 {[%emt 0:00:09]} 3. Bg2 {[%emt 0:00:00]} e5 {[%emt 0:00:30]} 4. Nc3 {[%emt 0:00:27]} Ne7 {[%emt 0:00:00]} 5. d3 {[%emt 0:02:13]} Nbc6 {[%emt 0:00:15]} 6. h4 {[%emt 0:01:40]} h6 {[%emt 0:00:23]} 7. e4 {[%emt 0:01:22]} d6 {[%emt 0:00:33]} 8. h5 {[%emt 0:01:00]} g5 {[%emt 0:00:06]} 9. f4 {[%emt 1:27:48]} exf4 10. gxf4 {[%emt 0:00:00]} gxf4 {[%emt 0:01:47]} 11. Bxf4 {[%emt 0:00:00]} Nd4 {[%emt 0:02:11]} 12. Qd2 {[%emt 0:00:00]} Bg4 {[%emt 0:02:00]} 13. Nce2 {[%emt 0:00:00]} Nec6 {[%emt 0:02:15]} 14. O-O-O {[%emt 0:00:00]} Qd7 {[%emt 0:05:06]} 15. Rf1 {[%emt 0:00:00]} a5 {[%emt 0:03:31]} 16. Nxd4 {[%emt 0:00:00]} Nxd4 {[%emt 0:00:12]} 17. Nf3 {[%emt 0:00:00]} Bxf3 {[%emt 0:04:47]} 18. Bxf3 {[%emt 0:00:00]} a4 {[%emt 0:00:05]} 19. Qg2 {[%emt 0:00:00]} Ne6 {[%emt 0:12:38]} 20. Bg4 {[%emt 0:00:00]} a3 {[%emt 0:03:53]} 21. b3 {[%emt 0:00:00]} Bd4 {[%emt 0:00:12]} 22. Bxh6 {[%emt 0:00:00]} O-O-O {[%emt 0:00:25]} 23. Bd2 {[%emt 0:00:00]} Kb8 {[%emt 0:01:39]} 24. h6 {[%emt 0:00:00]} Qc6 {[%emt 0:01:07]} 25. Bxe6 {[%emt 0:00:00]} fxe6 {[%emt 0:00:01]} 26. h7 {[%emt 0:00:00]} b5 {[%emt 0:02:07]} 27. Bg5 {[%emt 0:00:00]} bxc4 {[%emt 0:01:19]} 28. dxc4 {[%emt 0:00:00]} Rde8 {[%emt 0:01:37]} 29. Rf7 {[%emt 0:00:00]} Be5 {[%emt 0:06:08]} 30. Qf3 {[%emt 0:02:40]} Qc5 {[%emt 0:02:37]} 31. Be3 {[%emt 0:00:25]} Bd4 {[%emt 0:02:47]} 32. Bd2 {[%emt 0:00:11]} Be5 {[%emt 0:03:22]} 33. Qe3 {[%emt 0:01:56]} Qc6 {[%emt 0:00:13]} 34. Qd3 {[%emt 0:01:24]} Kb7 {[%emt 0:00:59]} 35. Kc2 {[%emt 0:01:02]} Rd8 {[%emt 0:00:10]} 36. Bc3 {[%emt 0:01:31]} Bxc3 {[%emt 0:01:56]} 37. Kxc3 {[%emt 0:00:10]} Rd7 {[%emt 0:05:40]} 38. Rxd7 {[%emt 0:01:11]} Qxd7 {[%emt 0:00:04]} 39. c5 {[%emt 0:01:38]} Qg7+ {[%emt 0:01:14]} 40. Qd4 {[%emt 0:01:10]} Qg2 {[%emt 0:00:13]} 41. Kb4 {[%emt 0:00:50]} Qxh1 {[%emt 0:11:08]} 42. Qxh8 {[%emt 0:00:32]} Qe1+ {[%emt 0:00:04]} 43. Kxa3 {[%emt 0:01:28]} 1/2-1/2

[Event "1st Spring Festival Weekend 2021"]
[Site "Bassano del Grappa"]
[Date "2021.03.13"]
[Round "3.3"]
[White "Checa, Nicolas"]
[Black "Lumachi, Gabriele"]
[Result "1-0"]
[WhiteElo "2546"]
[BlackElo "2316"]
[Annotator "RC"]
[PlyCount "73"]
[EventDate "2021.03.12"]
[EventType "swiss"]
[EventCountry "ITA"]
[SourceTitle "playchess.com"]
[Source "ChessBase"]
[SourceQuality "1"]
[TimeControl "5400+30"]

1. c4 {[%emt 0:03:50]} e6 {[%emt 0:00:00]} 2. Nc3 {[%emt 0:00:36]} d5 {[%emt 0:00:00]} 3. d4 {[%emt 0:00:10]} Nf6 {[%emt 0:00:00]} 4. cxd5 {[%emt 0:00:08]} exd5 {[%emt 0:00:00]} 5. Bg5 {[%emt 0:00:05]} c6 {[%emt 0:00:06]} 6. e3 {[%emt 0:00:05]} h6 {[%emt 0:00:13]} 7. Bh4 {[%emt 0:01:10]} Be7 {[%emt 0:00:09]} 8. Bd3 {[%emt 0:00:14]} O-O {[%emt 0:00:12]} 9. Nge2 {[%emt 0:03:09]} Re8 {[%emt 0:02:00]} 10. O-O {[%emt 0:01:53]} Nbd7 {[%emt 0:00:15]} 11. f3 {[%emt 0:02:42]} b5 {[%emt 0:00:45]} 12. Bf2 {[%emt 0:02:49]} b4 {[%emt 0:10:11]} 13. Na4 {[%emt 0:02:25]} c5 {[%emt 0:04:18]} 14. dxc5 {[%emt 0:07:37]} Nxc5 {[%emt 0:00:32]} 15. Nxc5 {[%emt 0:01:30]} Bxc5 {[%emt 0:00:09]} 16. Nd4 {[%emt 0:05:58]} Bd7 {[%emt 0:08:48]} 17. Rc1 {[%emt 0:02:01]} Qb6 {[%emt 0:04:37]} 18. Qd2 {[%emt 0:05:41]} Re7 {[%emt 0:11:01]} 19. Bh4 {[%emt 0:21:08]} Rae8 {[%emt 0:06:42]} 20. Bxf6 {[%emt 0:05:54]} gxf6 {[%emt 0:00:08]} 21. Kh1 {[%emt 0:00:19]} Rxe3 {[%emt 0:00:59]} 22. Bf5 {[%emt 0:07:45]} Ba4 {[%emt 0:07:52]} 23. Bc2 {[%emt 0:02:09]} Bxc2 {[%emt 0:03:48]} 24. Nxc2 {[%emt 0:00:17]} Re2 {[%emt 0:02:44]} 25. Qxd5 {[%emt 0:06:19]} Rd8 {[%emt 0:04:51]} 26. Qf5 {[%emt 0:03:50]} Rdd2 {[%emt 0:04:50]} 27. Nd4 {[%emt 0:02:36]} Rxg2 {[%emt 0:09:29]} 28. Rg1 {[%emt 0:01:19]} Rg5 {[%emt 0:01:16]} 29. Rxg5+ {[%emt 0:01:39]} hxg5 {[%emt 0:03:18]} 30. Nb3 {[%emt 0:00:13]} Be3 {[%emt 0:02:18]} 31. Nxd2 {[%emt 0:01:04]} Bxd2 {[%emt 0:00:16]} 32. Rc8+ {[%emt 0:03:21]} Kg7 {[%emt 0:00:07]} 33. Qc5 {[%emt 0:00:06]} Qe6 {[%emt 0:06:33]} 34. Qf8+ {[%emt 0:01:20]} Kg6 {[%emt 0:00:06]} 35. Qg8+ {[%emt 0:01:18]} Kf5 {[%emt 0:01:29]} 36. Re8 {[%emt 0:01:06]} Qc6 {[%emt 0:01:07]} 37. Re4 {[%emt 0:00:20]} 1-0

[Event "1st Spring Festival Weekend 2021"]
[Site "Bassano del Grappa"]
[Date "2021.03.13"]
[Round "3.4"]
[White "Solomon, Kenny"]
[Black "Niemann, Hans Moke"]
[Result "1-0"]
[WhiteElo "2357"]
[BlackElo "2526"]
[Annotator "TA"]
[PlyCount "91"]
[EventDate "2021.03.12"]
[EventType "swiss"]
[EventCountry "ITA"]
[SourceTitle "playchess.com"]
[Source "ChessBase"]
[SourceQuality "1"]

{[%evp 9,91,-12,-9,-10,-14,-20,-19,-20,-11,-22,-17,-44,-8,-22,63,57,70,52,51,55,107,95,104,95,229,110,264,145,139,99,107,52,60,35,80,67,55,37,67,53,91,107,90,99,94,74,60,67,94,93,94,89,81,76,80,64,99,66,84,61,105,108,112,117,159,93,438,449,437,387,519,306,301,254,259,245,362,378,1919,1879,1934,1269,1825,1448]} 1. e4 e6 2. d3 d5 3. Nd2 Nf6 4. Ngf3 Be7 5. g3 b6 6. e5 {C00: French: Unusual White 2nd moves.} Nfd7 7. Bg2 Bb7 8. O-O {The position is equal.} O-O 9. Re1 c5 10. Nf1 {[%cal Bd2f1,Bf1h2,Bh2g4][%mdl 32]} Re8 11. h4 f6 (11... Nc6 $11) 12. exf6 $14 Bxf6 13. N1h2 Nc6 14. Ng4 {[#]} Nf8 $146 ({Better is} 14... Nd4 $14) ({Predecessor:} 14... e5 15. c4 e4 16. dxe4 dxe4 17. Ng5 Bd4 18. Bxe4 Nf6 19. Nxf6+ gxf6 20. Bd5+ {1-0 (20) Turov,M (2602)-Dudek,R (2231) Ditzingen 2018}) 15. c3 $16 Be7 16. d4 Bd6 (16... Qc7 $16) 17. a3 (17. h5 $18 {has better winning chances.}) 17... b5 $2 (17... Qc7 $16) 18. Bf1 (18. h5 $18) 18... c4 19. Bg5 Qc7 20. Qd2 (20. Bg2 $16) 20... Qf7 $14 21. Re3 a5 22. Rae1 b4 23. a4 Rab8 24. Be2 Bc8 25. Bd1 bxc3 26. bxc3 Rb1 27. Bc2 Rxe1+ 28. Qxe1 Qh5 29. Nge5 Nxe5 30. Nxe5 (30. dxe5 $6 Bc5 $11) 30... Bxe5 31. Rxe5 Qf7 32. Bc1 Bd7 33. h5 Bc6 34. h6 g6 35. Bf4 Nd7 36. Rg5 Nf6 {[#]} 37. f3 (37. Qb1 $142 $1 {[%cal Rc2g6] Bxg6! is the strong threat.} Nd7 38. Bd6) 37... Nh5 $2 {[%mdl 8192] [#]} (37... Nd7 $16 {is more resistant.}) 38. Rxh5 $1 $18 {[%mdl 512]} gxh5 39. Qe5 Qe7 40. Qxh5 e5 41. Qg4+ ({Weaker is} 41. Qxe5 Qxe5 42. dxe5 (42. Bxe5 Re6 $11) 42... Rb8 $14) 41... Kf8 42. Bg5 ({Don't play} 42. dxe5 $6 Bd7 $16) 42... Qf7 (42... Qe6 $142) 43. Bc1 Re6 $2 {[#]} (43... Ke7 44. dxe5 Kd8) 44. Bxh7 $1 {[%mdl 512] White is clearly winning.} exd4 (44... Rd6 45. dxe5) 45. Ba3+ Ke8 46. Bg8 {[%mdl 64] Skewer.  Weighted Error Value: White=0.20/Black=0.46} 1-0

[Event "1st Spring Festival Weekend 2021"]
[Site "Bassano del Grappa"]
[Date "2021.03.13"]
[Round "3.5"]
[White "Basso, Pier Luigi"]
[Black "Yu, Jennifer"]
[Result "1-0"]
[WhiteElo "2521"]
[BlackElo "2275"]
[Annotator "ChessBase"]
[PlyCount "89"]
[EventDate "2021.03.12"]
[EventType "swiss"]
[EventCountry "ITA"]
[SourceTitle "playchess.com"]
[Source "ChessBase"]
[SourceQuality "1"]
[TimeControl "5400+30"]

1. d4 {[%emt 0:00:00]} d5 {[%emt 0:00:58]} 2. c4 {[%emt 0:00:05]} c6 {[%emt 0:00:19]} 3. cxd5 {[%emt 0:00:31]} cxd5 {[%emt 0:00:08]} 4. Bf4 {[%emt 0:00:08]} Nc6 {[%emt 0:01:36]} 5. e3 {[%emt 0:00:07]} Bf5 {[%emt 0:01:55]} 6. Nc3 {[%emt 0:02:27]} e6 {[%emt 0:00:17]} 7. Bb5 {[%emt 0:09:16]} Rc8 {[%emt 0:03:13]} 8. Nf3 {[%emt 0:01:29]} Bd6 {[%emt 0:01:43]} 9. Bxc6+ {[%emt 0:01:27]} bxc6 {[%emt 0:01:03]} 10. Bxd6 {[%emt 0:00:08]} Qxd6 {[%emt 0:00:04]} 11. O-O {[%emt 0:04:12]} Ne7 {[%emt 0:05:38]} 12. Na4 {[%emt 0:00:51]} Rb8 {[%emt 0:03:00]} 13. Rc1 {[%emt 0:01:56]} O-O {[%emt 0:01:13]} 14. Nh4 {[%emt 0:07:56]} Rfc8 {[%emt 0:05:19]} 15. b3 {[%emt 0:01:39]} e5 {[%emt 0:01:27]} 16. Nxf5 {[%emt 0:01:08]} Nxf5 {[%emt 0:00:09]} 17. dxe5 {[%emt 0:00:05]} Qxe5 {[%emt 0:00:10]} 18. Nc5 {[%emt 0:00:06]} Qe7 {[%emt 0:04:51]} 19. Qg4 {[%emt 0:04:31]} Nd6 {[%emt 0:03:40]} 20. Rc2 {[%emt 0:00:38]} f5 {[%emt 0:33:31]} 21. Qf4 {[%emt 0:03:28]} g5 {[%emt 0:00:02]} 22. Qg3 {[%emt 0:03:24]} Rb4 {[%emt 0:04:53]} 23. Rfc1 {[%emt 0:12:16]} Re8 {[%emt 0:07:58]} 24. h3 {[%emt 0:07:48]} Rh4 {[%emt 0:05:58]} 25. Nd3 {[%emt 0:04:49]} Ne4 {[%emt 0:01:09]} 26. Qf3 {[%emt 0:01:11]} g4 {[%emt 0:04:20]} 27. Qxf5 {[%emt 0:02:32]} Nd6 {[%emt 0:00:04]} 28. Qf4 {[%emt 0:01:54]} gxh3 {[%emt 0:00:03]} 29. Qf3 {[%emt 0:09:33]} hxg2 {[%emt 0:02:32]} 30. Rxc6 {[%emt 0:04:38]} Kh8 {[%emt 0:01:37]} 31. Kxg2 {[%emt 0:01:34]} Ne4 {[%emt 0:03:56]} 32. R1c2 {[%emt 0:08:58]} Qg7+ {[%emt 0:02:02]} 33. Kf1 {[%emt 0:00:36]} Rg8 {[%emt 0:01:00]} 34. Ke2 {[%emt 0:00:19]} Rh2 {[%emt 0:00:38]} 35. Rc8 {[%emt 0:03:07]} Ng3+ {[%emt 0:00:09]} 36. Ke1 {[%emt 0:01:00]} Rh1+ {[%emt 0:00:48]} 37. Kd2 {[%emt 0:00:02]} Ne4+ {[%emt 0:00:15]} 38. Ke2 {[%emt 0:00:04]} Rh2 {[%emt 0:00:30]} 39. Rxg8+ {[%emt 0:00:31]} Qxg8 {[%emt 0:00:03]} 40. Qf4 {[%emt 0:00:45]} Rh5 {[%emt 0:00:59]} 41. Ne5 {[%emt 0:00:20]} Qe8 {[%emt 0:00:48]} 42. Nf7+ {[%emt 0:01:23]} Kg7 {[%emt 0:00:08]} 43. Qg4+ {[%emt 0:00:18]} Kf8 {[%emt 0:00:52]} 44. Qxh5 {[%emt 0:01:07]} Qb5+ {[%emt 0:00:03]} 45. Kf3 {[%emt 0:00:17]} 1-0

[Event "1st Spring Festival Weekend 2021"]
[Site "Bassano del Grappa"]
[Date "2021.03.13"]
[Round "3.6"]
[White "Martin Duque, Jesus"]
[Black "Bardone, Lorenzo"]
[Result "1-0"]
[WhiteElo "2454"]
[BlackElo "2174"]
[Annotator "ChessBase"]
[PlyCount "135"]
[EventDate "2021.03.12"]
[EventType "swiss"]
[EventCountry "ITA"]
[SourceTitle "playchess.com"]
[Source "ChessBase"]
[SourceQuality "1"]
[TimeControl "5400+30"]

1. e4 {[%emt 0:02:52]} c5 {[%emt 0:01:19]} 2. Nf3 {[%emt 0:00:04]} e6 {[%emt 0:00:06]} 3. d4 {[%emt 0:00:03]} cxd4 {[%emt 0:00:05]} 4. Nxd4 {[%emt 0:00:03]} Nc6 {[%emt 0:00:07]} 5. Bf4 {[%emt 0:00:04]} d6 {[%emt 0:11:40]} 6. Nxc6 {[%emt 0:00:05]} bxc6 {[%emt 0:00:07]} 7. c4 {[%emt 0:00:03]} e5 {[%emt 0:03:08]} 8. Be3 {[%emt 0:00:06]} f5 {[%emt 0:04:16]} 9. exf5 {[%emt 0:02:33]} Bxf5 {[%emt 0:01:09]} 10. Nc3 {[%emt 0:01:34]} Nf6 {[%emt 0:01:37]} 11. Bd3 {[%emt 0:03:36]} Be6 {[%emt 0:03:57]} 12. Qa4 {[%emt 0:03:28]} Qd7 {[%emt 0:02:07]} 13. O-O {[%emt 0:10:48]} Be7 {[%emt 0:03:13]} 14. Ne4 {[%emt 0:16:43]} O-O {[%emt 0:08:50]} 15. Ng5 {[%emt 0:05:32]} Bg4 {[%emt 0:03:18]} 16. h3 {[%emt 0:02:22]} Bh5 {[%emt 0:00:28]} 17. Qc2 {[%emt 0:00:33]} h6 {[%emt 0:09:49]} 18. Bf5 {[%emt 0:00:24]} Qb7 {[%emt 0:00:39]} 19. Ne6 {[%emt 0:01:14]} Rfb8 {[%emt 0:03:29]} 20. b3 {[%emt 0:04:11]} Bf7 {[%emt 0:03:53]} 21. Qc1 {[%emt 0:05:00]} Bf8 {[%emt 0:04:52]} 22. Nxf8 {[%emt 0:03:13]} Kxf8 {[%emt 0:03:56]} 23. Re1 {[%emt 0:02:31]} a5 {[%emt 0:05:55]} 24. c5 {[%emt 0:01:34]} d5 {[%emt 0:04:57]} 25. Bxh6 {[%emt 0:00:17]} Ng8 {[%emt 0:01:25]} 26. Bg5 {[%emt 0:01:41]} Re8 {[%emt 0:00:33]} 27. Qc3 {[%emt 0:02:09]} Qb4 {[%emt 0:02:40]} 28. Qg3 {[%emt 0:02:48]} Qxc5 {[%emt 0:03:46]} 29. Bd7 {[%emt 0:00:21]} d4 {[%emt 0:02:12]} 30. Rac1 {[%emt 0:00:50]} Qd6 {[%emt 0:01:08]} 31. Bxc6 {[%emt 0:00:17]} Bd5 {[%emt 0:02:30]} 32. Bxa8 {[%emt 0:00:39]} Bxa8 {[%emt 0:00:07]} 33. Qg4 {[%emt 0:03:11]} Bb7 {[%emt 0:01:28]} 34. Qf5+ {[%emt 0:04:13]} Nf6 {[%emt 0:00:21]} 35. Bxf6 {[%emt 0:01:46]} gxf6 {[%emt 0:00:04]} 36. Red1 {[%emt 0:00:13]} Re7 {[%emt 0:00:59]} 37. f3 {[%emt 0:03:19]} Rg7 {[%emt 0:00:33]} 38. Kh1 {[%emt 0:01:05]} Rg5 {[%emt 0:01:28]} 39. Qc2 {[%emt 0:01:59]} Qd7 {[%emt 0:02:10]} 40. Kh2 {[%emt 0:02:14]} Rg7 {[%emt 0:02:16]} 41. Qf2 {[%emt 0:03:34]} Qd6 {[%emt 0:01:23]} 42. Kh1 {[%emt 0:00:35]} f5 {[%emt 0:00:06]} 43. Qh4 {[%emt 0:01:00]} Kg8 {[%emt 0:01:25]} 44. Qh5 {[%emt 0:02:13]} e4 {[%emt 0:01:06]} 45. Qxf5 {[%emt 0:01:46]} exf3 {[%emt 0:00:12]} 46. Rc8+ {[%emt 0:00:23]} Bxc8 {[%emt 0:00:43]} 47. Qxc8+ {[%emt 0:00:02]} Kf7 {[%emt 0:01:14]} 48. Qf5+ {[%emt 0:00:34]} Qf6 {[%emt 0:00:15]} 49. Qxf3 {[%emt 0:01:14]} Qxf3 {[%emt 0:00:40]} 50. gxf3 {[%emt 0:00:02]} a4 {[%emt 0:00:34]} 51. Rxd4 {[%emt 0:00:25]} axb3 {[%emt 0:00:40]} 52. axb3 {[%emt 0:00:02]} Rg3 {[%emt 0:00:05]} 53. Rf4+ {[%emt 0:00:05]} Ke6 {[%emt 0:00:05]} 54. Kh2 {[%emt 0:00:05]} Rg8 {[%emt 0:00:03]} 55. b4 {[%emt 0:00:15]} Ke5 {[%emt 0:00:45]} 56. Rg4 {[%emt 0:00:05]} Rc8 {[%emt 0:00:26]} 57. Kg3 {[%emt 0:00:06]} Rc3 {[%emt 0:00:10]} 58. h4 {[%emt 0:00:50]} Kf5 {[%emt 0:00:29]} 59. Rg5+ {[%emt 0:00:11]} Kf6 {[%emt 0:00:05]} 60. Rc5 {[%emt 0:00:07]} Rb3 {[%emt 0:00:14]} 61. b5 {[%emt 0:00:09]} Kg6 {[%emt 0:00:30]} 62. Kg4 {[%emt 0:00:11]} Kg7 {[%emt 0:01:06]} 63. f4 {[%emt 0:00:17]} Rb1 {[%emt 0:00:25]} 64. Kf5 {[%emt 0:00:39]} Rh1 {[%emt 0:00:28]} 65. Rc7+ {[%emt 0:00:26]} Kh6 {[%emt 0:00:06]} 66. b6 {[%emt 0:00:50]} Rb1 {[%emt 0:00:30]} 67. b7 {[%emt 0:00:21]} Rb6 {[%emt 0:00:24]} 68. Rc6+ {[%emt 0:00:58]} 1-0

[Event "1st Spring Festival Weekend 2021"]
[Site "Bassano del Grappa"]
[Date "2021.03.13"]
[Round "3.7"]
[White "Pasin, Mattia"]
[Black "Gallana, Marco"]
[Result "0-1"]
[WhiteElo "1973"]
[BlackElo "2232"]
[Annotator "NA"]
[PlyCount "46"]
[EventDate "2021.03.12"]
[EventType "swiss"]
[EventCountry "ITA"]
[SourceTitle "playchess.com"]
[Source "ChessBase"]
[SourceQuality "1"]
[TimeControl "5400+30"]

{[%evp 8,27,38,29,3,6,0,-10,-13,-34,-17,32767,33,-94,-104,-243,-227,-300,-297,-576,-676,-854]} 1. d4 {[%emt 0:00:00]} Nf6 {[%emt 0:00:55]} 2. c4 {[%emt 0:00:00]} g6 {[%emt 0:00:07]} 3. Nc3 {[%emt 0:00:00]} d5 {[%emt 0:00:07]} 4. Bf4 {[%emt 0:00:02]} Bg7 {[%emt 0:00:19]} 5. Nf3 {[%emt 0:00:50]} O-O {[%emt 0:00:36]} 6. Rc1 {[%emt 0:00:50]} Be6 {[%emt 0:01:10]} 7. Ng5 {[%emt 0:02:12]} c5 {[%emt 0:04:31]} 8. Nxe6 {[%emt 0:08:11]} fxe6 {[%emt 0:01:20]} 9. e3 {[%emt 0:00:37]} Nc6 {[%emt 0:01:21]} 10. Be5 {[%emt 0:08:57]} (10. dxc5 $11 Ne4 11. cxd5 Bxc3+ 12. bxc3 exd5 13. Be2) 10... cxd4 {[%emt 0:24:55]} 11. Bxd4 {[%emt 0:05:57] [#]} (11. exd4 $17 {was forced.} Ne4 12. Nxe4 dxe4 13. Bxg7 Kxg7 14. d5 Qa5+ 15. Qd2 Qxd2+ 16. Kxd2) 11... e5 $1 {[%emt 0:05:01]} 12. Bc5 {[%emt 0:00:10]} (12. cxd5 $142 exd4 13. dxc6 dxc3 14. Bc4+ Kh8 15. Qxd8 Raxd8 16. Rxc3) 12... d4 {[%emt 0:00:38]} 13. Nd5 $2 {[%emt 0:01:01]} (13. Ba3) 13... Ne4 {[%emt 0:00:36] Double Attack} 14. b4 $19 {[%emt 0:15:01]} Nxf2 {[%emt 0:03:35]} 15. Qd2 {[%emt 0:01:11]} b6 {[%emt 0:01:43]} 16. b5 {[%emt 0:00:54]} bxc5 {[%emt 0:01:17]} 17. bxc6 {[%emt 0:00:06]} Nxh1 {[%emt 0:00:42]} 18. exd4 {[%emt 0:07:15]} e6 {[%emt 0:04:46]} 19. g3 {[%emt 0:02:39]} exd5 {[%emt 0:00:29]} 20. cxd5 {[%emt 0:00:58]} Rxf1+ {[%emt 0:00:24]} 21. Kxf1 {[%emt 0:01:20]} Qxd5 {[%emt 0:00:09]} 22. Rxc5 {[%emt 0:01:30]} Rf8+ {[%emt 0:01:16]} 23. Kg1 {[%emt 0:05:36]} Qf3 {[%emt 0:02:03]} 0-1